Buat baik berpada-pada

Bibliographic Details
Format: Book
Published: Kuala Lumpur : Penerbitan Fargoes , 2005
Series:Siri kisah dan teladan
Subjects:

MARC

LEADER 00000cam a2200000 7i4500
001 0000004838
005 20151222.0
008 070731
020 |a 983128321X 
090 0 0 |a JF   |b MOR JAW (4340) 
245 0 0 |a Buat baik berpada-pada 
260 |a Kuala Lumpur :   |b Penerbitan Fargoes ,   |c 2005 
440 |a Siri kisah dan teladan 
500 |a Children ages 7-9 years old (orange) 
650 0 |a Junior fiction   |x jawi 
650 0 |a Moral 
999 |a 0000899497   |b Book   |c Children Collection   |e Cawangan Mersing 
999 |a 0000899498   |b Book   |c Children Collection   |e Cawangan Mersing 
999 |a 0000978461   |b Book   |c Children Collection   |e Cawangan Urban Transformation Centre 
999 |a 0000978462   |b Book   |c Children Collection   |e Perbadanan Perpustakaan Awam Johor 
999 |a 0000978463   |b Book   |c Children Collection   |e Cawangan Urban Transformation Centre 
999 |a 0000978464   |b Book   |c Children Collection   |e Perbadanan Perpustakaan Awam Johor 
999 |a CD01097846   |b CD-ROM   |c REFERENCE   |e Perbadanan Perpustakaan Awam Johor